000 00313nam a22001457a 4500
020 _a978-1-60346-880-0
082 _a823
_bMAC/B
100 _aMACAW BOOKS
245 _aBEAUTY AND THE BEAST
250 _a2
260 _aUS
_bMACAW BOOKS
_c2012
300 _a32
650 _aENGLISH SHORT STORY
_zUS
942 _cBK
999 _c3583
_d3583